000
00318 a2200157 4500
001
49480
020
_a
040
_c
Anchieta - Bela Vista
100
_a
Brasileiro, Jonar
240
1
0
_a
O bicho
_l
por
245
1
0
_a
O bicho
300
_a
34
362
0
_a
2001
650
4
_a
Literatura infanto-juvenil
942
_c
BK
999
_c
49480
_d
49480